[Event "Treppenturnier 2023"]
[Site "Turnierstufe"]
[Date "2024.03.10"]
[Round "23-1"]
[White "Turquoise"]
[Black "Aquamarine Risc II Siglo XXI"]
[Result "1/2-1/2"]
[WhiteElo "1983"]
[BlackElo "1979"]
[PlyCount "160"]

1.d4 c5 2.dxc5 e6 3.Nc3 Bxc5 4.Ne4 Nf6 5.Nxc5 Qa5+ 6.Qd2 Qxc5 {Buchende.} 7.Qg5 
{Buchende.} 7...Qxg5 8.Bxg5 Ne4 9.Bf4 d5 10.f3 Nf6 11.e3 Nc6 12.Bd3 Bd7 13.Bd6 
O-O-O 14.Ne2 Ne8 15.Bg3 f6 16.O-O g5 17.c4 Nb4 18.Rad1 Ba4 $6 {Sinnloser Zug.} 
19.b3 Bc6 20.cxd5 Rxd5 21.Bb1 Rxd1 22.Rxd1 h5 23.Nd4 Bd7 24.a3 Nc6 25.Be4 Nxd4 
26.Rxd4 Bb5 27.Rd2 Ba6 28.h4 $1 {Weiß hat mehr Platz und das Läuferpaar und
nimmt die wackeligen Bauern e6 und f6 auf's Korn.} 28...g4 $6 29.Kf2 Rg8 30.a4 
f5 31.Bb1 Rg7 32.b4 b6 33.Ba2 Re7 34.Be5 Bb7 35.Rc2+ {Hiarcs 15.2 zeigt hier
bereits +4,5 Bauerneinheiten für Weiß an.} 35...Kd7 36.Bc4 Rh7 37.b5 Ke7 38.Bb8 
Kf6 39.Rd2 Ba8 40.Bf4 Ke7 41.Be5 Bb7 42.Bb8 Nf6 43.Rc2 {Turquoise hat keinen
Plan.} ( {Das könnte man spielen:} 43.a5 bxa5 44.Bxa7 gxf3 45.gxf3 Bd5 46.Bxd5 
Nxd5 47.Ra2 Kd8 48.Rxa5 {...} ) 43...Nd7 44.Bf4 Rh8 {Beide hätten laut
Stellungsbewertung nichts gegen ein Remis.} 45.Rd2 Re8 46.Bg5+ Nf6 47.Bb3 Rf8 
48.Bf4 Nd5 49.Be5 Rc8 50.Rc2 Rxc2+ 51.Bxc2 Nf6 52.Kg3 Nd7 53.Bc3 Nf6 54.Bb2 Nd5 
55.Kf2 Nf6 56.Bc3 Nd7 57.Ba1 Nf8 $6 58.fxg4 hxg4 59.h5 Kf7 60.Bb3 Nh7 {Rest der
Partie in je 1 Stunde.} 61.Be5 Ng5 62.Kg1 Ne4 63.h6 Ng5 64.Bf4 $6 ( 64.Bc4 $1 ) 
64...Nh7 65.Bb8 a6 {Nun müsste der Läufer auf c4 stehen (s. 64. Zug)} 66.bxa6 
Bxa6 67.Bc7 b5 68.Be5 bxa4 69.Bxa4 {Jetzt ist es wohl ein Remis.} 69...Kg6 
70.Bg7 Nf6 71.Bxf6 Kxf6 72.Be8 g3 73.Bh5 e5 74.Be8 $2 ( 74.h7 Kg7 75.Bg6 Bd3 
76.Kh1 Be4 77.Kg1 Bd3 {... und Remis.} ) 74...Bc4 $2 {Verpasst die Chance, doch
noch zu gewinnen.} ( 74...e4 $1 {Was soll Weiß noch tun?} 75.Bh5 f4 76.exf4 e3 
77.f5 e2 78.Bxe2 Bxe2 79.h7 Kg7 {und 0:1} ) 75.h7 Kg7 76.Bg6 Bd3 77.Kh1 Be4 
78.Kg1 Bd3 79.Kh1 Be4 80.Kg1 Bd3 {Beide reklamieren Remis 3x.} 1/2-1/2

[Event "Treppenturnier 2023"]
[Site "Turnierstufe"]
[Date "2024.03.12"]
[Round "23-2"]
[White "Aquamarine Risc II Siglo XXI"]
[Black "Turquoise"]
[Result "1/2-1/2"]
[WhiteElo "1979"]
[BlackElo "1983"]
[PlyCount "53"]

1.e4 e5 2.Nf3 Nc6 3.Bb5 a6 4.Ba4 Nf6 5.O-O Nxe4 6.d4 b5 7.Bb3 d5 8.dxe5 Be6 
9.c3 Bc5 10.Nbd2 O-O 11.Bc2 Nxf2 12.Rxf2 f6 13.exf6 Bxf2+ 14.Kxf2 Qxf6 15.Nf1 
Ne5 16.Be3 Rae8 17.Bc5 Rf7 {Buchende.} 18.Nd2 Bg4 19.Bd4 {Buchende.} 19...Qh4+ 
20.Kg1 Nxf3+ 21.gxf3 Bxf3 22.Nxf3 Qg4+ 23.Kf2 Qh4+ ( {Erneut verschmäht
Turquoise, wie gegen Zircon II, den Gewinnzug} 23...Ref8 $1 {Dazu bräuchte er 13
Minuten Bedenkzeit, Siglo XXI schafft es in gut 10 Minuten.} ) 24.Kg2 Qg4+ 
25.Kf2 Qh4+ 26.Kg2 Qg4+ 27.Kf2 {Beide reklamieren Remis 3x.} 1/2-1/2

[Event "Treppenturnier 2023"]
[Site "Turnierstufe"]
[Date "2024.03.13"]
[Round "23-3"]
[White "Turquoise"]
[Black "Aquamarine Risc II Siglo XXI"]
[Result "1/2-1/2"]
[WhiteElo "1983"]
[BlackElo "1979"]
[PlyCount "185"]

1.d4 Nf6 2.c4 e6 3.Nf3 b6 4.a3 Bb7 5.Nc3 d5 6.cxd5 Nxd5 7.Qc2 Nxc3 8.bxc3 Qd5 
9.e3 Nd7 10.Bd3 {Buchende.} 10...Nf6 $6 {Buchende und gleich im Nachteil.} 
11.O-O Be7 12.e4 {(+00.12) Turquoise ist noch nicht klar, wie gut er steht.} 
12...Qh5 {(0.00)} 13.Qa4+ Kf8 14.Re1 Kg8 15.Rb1 a6 16.Bg5 h6 17.Bxf6 Bxf6 
18.Qd7 Rc8 19.Rec1 Bg5 ( 19...g6 $1 {Befreit den Turm und begrenzt den Schaden.} 
) 20.Rxb6 cxb6 21.Qxb7 Rd8 22.Rb1 {Hier hat Turquoise gegen Zircon II den Bauern
auf b6 geschlagen und gewonnen.} 22...Bf6 23.Bxa6 e5 24.Qxb6 {Die schwarze
Stellung ist eine Ruine.} 24...exd4 25.cxd4 Qg4 26.e5 Be7 27.Qc7 Qd7 28.Qxd7 $6 
( 28.Qc2 g6 29.Rb7 Qe6 {... hält den Druck aufrecht.} ) 28...Rxd7 29.a4 g6 
{Jetzt ist es zu spät, oder ...?} 30.Bb5 Rc7 31.Kf1 f6 32.Bd3 Kg7 33.Nh4 $2 
{Praktisch jeder andere Zug ist besser, z.B.} ( 33.Rb6 Rd8 34.Ke2 g5 35.Ke3 Ra7 
36.Bb5 ) 33...Rd8 {... und plötzlich ist Schwarz wieder im Geschäft.} 34.Nxg6 
Rxd4 35.Nxe7 Rxd3 36.Rb6 Rc2 $2 ( 36...Rc1+ 37.Ke2 Ra3 38.exf6+ Kf7 39.Nc6 Kxf6 
{... das riecht nach Unentschieden.} ) 37.Nf5+ Kh7 38.Ne3 Ra2 39.Rxf6 Rdd2 
40.g3 Rxa4 41.e6 Kg7 42.Rf7+ Kg6 43.Rd7 $2 {(+04.54)} ( 43.Nf5 $1 ) 43...Rxd7 
{(-3.45)} 44.exd7 Rd4 45.Ng4 Kf5 46.d8=R Rxd8 47.Nxh6+ Ke4 48.Ke2 Ra8 49.f3+ 
Ke5 50.Ng4+ Kd4 51.h4 Ra5 52.Kf2 {Hiarcs 15.2. hält das Spiel bei optimalem
Spiel für Remis,...} 52...Rb5 $2 {... wobei dieser Zug suboptimal ist.} ( {Die
Analyse-Engine würde so spielen:} 52...Ra2+ 53.Kg1 Kd5 54.h5 Ke6 55.Ne3 Ra3 
56.Kf2 Ra2+ 57.Kf1 Ra1+ 58.Ke2 Ra2+ 59.Kd3 Rh2 60.g4 Ke5 61.Nf5 Kf4 62.Nd4 Ra2 
63.h6 Rh2 64.Ne6+ Kxf3 65.g5 Kg4 66.Ke4 Re2+ 67.Kd5 Kf5 68.Nd4+ Kxg5 69.Nxe2 
Kxh6 {Remis.} ) 53.Kg2 {Das können die Oldies natürlich nicht sehen - deshalb ab
jetzt keine Fragezeichen mehr.} 53...Ra5 54.Kh3 Rb5 55.Nh6 Ke5 56.Kg4 Rb7 57.h5 
Rg7+ 58.Kh4 Re7 59.Ng4+ Kf5 60.Nf2 Re3 {Rest in je 1 Stunde.} 61.h6 {Jetzt ist
es ein Remis.} 61...Kg6 62.Ng4 Re1 63.Kh3 Re2 64.f4 Rb2 65.Ne5+ Kxh6 66.g4 Kg7 
67.g5 Kf8 68.f5 Rb5 69.Ng6+ Kf7 70.Kg4 Rb4+ 71.Kf3 Rb5 72.Ke4 Rb4+ 73.Ke3 Rb5 
74.Kf4 Rb4+ 75.Kg3 Re4 76.Kf3 Re1 77.Kf4 Rf1+ 78.Ke4 Rg1 79.Ne5+ Ke7 80.f6+ Ke6 
81.Kf4 Rf1+ 82.Nf3 {Einziger Zug, der nicht verliert.} 82...Rf2 83.Kg3 Rb2 
84.Nd4+ Kf7 85.Kf4 Rg2 86.Nf5 Rf2+ 87.Kg4 Rf1 88.Nh6+ {Turquoise kämpft weiter,
sagt jedoch (00.00)} 88...Kg6 {Sein Gegner ebenso (0.00)} 89.f7 Kg7 90.Kh3 Kg6 
91.Kg4 Kg7 92.Kh4 Kg6 93.Kg4 {Beide reklamieren Remis 3x.} 1/2-1/2

[Event "Treppenturnier 2023"]
[Site "Turnierstufe"]
[Date "2024.03.15"]
[Round "23-4"]
[White "Aquamarine Risc II Siglo XXI"]
[Black "Turquoise"]
[Result "0-1"]
[WhiteElo "1979"]
[BlackElo "1983"]
[PlyCount "95"]

1.d4 d5 2.c4 dxc4 3.e4 e5 4.Nf3 exd4 5.Bxc4 Bb4+ 6.Bd2 Bxd2+ 7.Nbxd2 Nc6 8.O-O 
Qf6 9.e5 Qg6 10.Bb5 Ne7 11.Nxd4 O-O 12.N2f3 Nxd4 {Buchende.} 13.Qxd4 
{Buchende.} 13...Bh3 14.Nh4 Qg5 15.Qe4 Rad8 16.Rac1 c6 17.Bd3 g6 18.Kh1 Bg4 
19.g3 Qh5 20.Rfe1 Rd7 ( {oder} 20...Nf5 ) 21.Bc4 ( {oder} 21.Be2 ) 21...Rd2 
22.Qe3 Rfd8 23.Qxa7 $6 {Angesichts der Lage am Königsflügel ist das zu gierig.} 
23...R8d7 ( 23...g5 24.Ng2 Bh3 {... sieht gut aus.} ) 24.Qe3 ( {Warum nicht} 
24.e6 $1 Bxe6 25.Rxe6 fxe6 26.Bxe6+ Kg7 27.Bxd7 Rxd7 {... ?} ) 24...Nf5 25.Nxf5 
Qxf5 26.e6 fxe6 27.Rb1 $6 {zu passiv.} ( 27.Kg1 $1 {und dann z.B.} 27...Rxb2 
28.f3 Rdd2 29.Re2 Qxf3 30.Bxe6+ Bxe6 31.Qxf3 Rxe2 32.Rf1 {... und Weiß steht gut
da.} ) 27...Qxf2 28.Bxe6+ Bxe6 29.Qxe6+ Rf7 30.Qe8+ Kg7 31.Qe5+ Rf6 32.Qe7+ Kh6 
33.Qe3+ Qxe3 34.Rxe3 Rff2 {Weiß hat ganz schlechte Karten.} 35.h3 Rxb2 36.Rxb2 
Rxb2 37.Rb3 Rxb3 {(+02.08)} 38.axb3 {(-1.16) Weiß kann aufgeben.} 38...Kg5 
39.Kg2 c5 40.Kf2 Kf5 {Hiarcs sagt bereits Matt in spätestens 36!} 41.Kf3 b5 
42.g4+ Ke5 43.Ke3 g5 44.Kf3 Kd4 45.Kf2 Kc3 46.Ke2 b4 47.h4 c4 48.bxc4 {und Siglo
XXI Risc II gibt auf.} 0-1

[Event "Treppenturnier 2023"]
[Site "Turnierstufe"]
[Date "2024.03.16"]
[Round "24-1"]
[White "Turquoise"]
[Black "Reflection II Glasgow III-S 1,7 GHz"]
[Result "0-1"]
[WhiteElo "1993"]
[BlackElo "1990"]
[PlyCount "127"]

1.e4 e6 2.d4 d5 3.Nd2 c5 4.exd5 Qxd5 5.Ngf3 cxd4 6.Bc4 Qd6 7.O-O Nf6 8.Nb3 Be7 
9.Nbxd4 {Buchende.} 9...a6 {Buchende.} 10.Qe2 O-O 11.Rd1 Qc7 12.Bd2 Bd7 13.Ne5 
Nc6 14.Nexc6 Bxc6 15.Nxc6 Qxc6 16.Bd3 Rfd8 17.c3 Rd7 18.Bf4 Qa4 $6 {Naja, was
soll's?} 19.Be5 Rad8 20.Bd4 Qa5 21.Qe3 Qh5 22.Be2 Qf5 23.Rac1 Bd6 24.Qf3 Nd5 
25.Qxf5 exf5 {Warum sich Glasgow sich hier freiwillig einen Doppelbauern
verpassen lässt, ist nicht klar. Sinnvoll ist es nicht.} 26.Bf3 Bf4 27.Rc2 Bg5 
28.Re2 Nf4 29.Ree1 Ne6 30.Bb6 Rxd1 31.Rxd1 Rxd1+ 32.Bxd1 g6 33.Bf3 Bd8 34.Bxd8 
Nxd8 35.Kf1 {Turquoise hat den schnellen Läufer und die Majorität am
Damenflügel, Schwarz nur den blöden Doppelbauern - klar, was zu tun ist.} 
35...Kf8 36.Ke2 Kg7 37.Kd3 b6 38.Kd4 Ne6+ 39.Kd5 {Und Turquoise weiß bis jetzt,
was er tut.} 39...Nc5 40.Be2 Na4 41.Kc4 Kf6 42.Kb3 $2 {Das soll man verstehen -
der Novag verliert den Faden. Die Partie war klar gewonnen.} 42...Nc5+ 43.Kc2 
a5 44.f3 h5 45.Bc4 Ke7 $2 {Glasgow gestattet seinem Gegner den zweiten
Anlauf...} 46.Kd2 $2 {... aber Weiß will offenbar nicht.} 46...Kf6 47.g3 Kg7 
{Gruselig.} 48.h3 h4 49.gxh4 f4 50.Bd5 Nd7 51.Kd3 f5 52.Kc4 Kh6 53.Kb5 a4 
54.Kxa4 Kh5 55.Kb5 Kxh4 56.Bc6 $4 {Nun kann der Springer dem schwarzen König
helfen.} ( {Richtig:} 56.a4 Kxh3 57.b4 Nb8 58.Kxb6 g5 59.Be6 Kg3 60.b5 g4 61.a5 
Kh2 62.a6 {...} ) 56...Ne5 57.Kxb6 g5 58.Bd5 Kxh3 59.Kc7 $4 {(+1.50??) Und jetzt
verliert Turquoise noch!} 59...g4 {(+0.92)} 60.fxg4 fxg4 {Rest in 1 Minute/Zug.} 
61.Kd6 Nd3 62.Bc4 g3 63.Bd5 g2 {(+8.78)} 64.Be4 {und Turquoise gibt auf
(rESiGn).} 0-1

[Event "Treppenturnier 2023"]
[Site "Turnierstufe "]
[Date "2024.03.17"]
[Round "24-2"]
[White "Reflection II Glasgow III-S 1,7 GHz"]
[Black "Turquoise"]
[Result "1-0"]
[WhiteElo "2000"]
[BlackElo "1983"]
[PlyCount "153"]

1.e4 d5 2.exd5 Nf6 {Buchende.} 3.Bb5+ Bd7 4.Bc4 b5 5.Bb3 {Buchende.} 5...a5 
6.a4 bxa4 7.Bc4 g6 8.d4 Bg4 9.f3 Bd7 10.Ne2 Na6 {Da müht sich jemand durch eine
ihm unbekannte Eröffnung.} 11.O-O Bg7 12.Nf4 O-O 13.Qe2 Nb8 14.Nc3 Qe8 15.Re1 
Qc8 16.Nxa4 Ne8 17.c3 Nd6 18.Nc5 Bf5 19.Bb5 Bf6 {Dank der Unkenntnis seines
Gegners hat sich Glasgow eine starke Stellung verschaffen können. Nun muss
Zählbares her...} 20.b4 Nxb5 21.Qxb5 Bh4 22.Re2 g5 23.Nfd3 g4 24.fxg4 Bxg4 
25.Re4 f5 26.Rf4 Na6 27.h3 {Es führen alle Wege nach Rom.} 27...Nxc5 28.Qxc5 
Be2 29.Rxh4 Bxd3 {Schwarz kann nur noch auf einen Blackout hoffen.} 30.Rxa5 
Rxa5 31.bxa5 Qd7 32.Bg5 Rf7 33.Bf4 Be4 34.Qxc7 Qxc7 35.Bxc7 {Für den
Endspiel-"Künstler" Glasgow dürfte es nicht einfach sein, diese Stellung mit
ungleichfarbigen Läufern zu gewinnen.} 35...Bxd5 36.Rh5 Rg7 37.g4 e6 38.Be5 Ra7 
39.gxf5 Rxa5 40.fxe6 Bxe6 41.Rg5+ Kf7 42.Rg7+ Ke8 43.Rxh7 Ra2 44.Bd6 Kd8 45.h4 
Rc2 46.Rc7 Bg4 47.Bf4 Bf3 48.Rc5 Ke7 49.h5 Kf6 50.h6 Be4 51.Rc7 Ke6 52.h7 Bxh7 
53.Rxh7 Rxc3 54.Rh5 Rc4 55.d5+ Kf6 56.Be5+ Kg6 57.Rh8 Kf5 58.d6 Rc1+ 59.Kf2 Rd1 
60.Ke2 Rd5 {Rest in je 1 Minute/Zug.} 61.Re8 Kg6 62.Re7 Kf5 63.d7 Rxd7 64.Rxd7 
Kxe5 65.Ke3 {Da Turquoise nicht aufgibt, muss Glasgow doch noch zeigen, dass er
mit dem Turm mattsetzen kann.} 65...Ke6 66.Rd4 Ke5 67.Rd8 Kf5 68.Re8 Kg5 
69.Re5+ Kg6 70.Kf4 Kf6 71.Re1 Kg7 72.Kg5 Kf7 73.Re4 {Mattankündigung.} 73...Kg7 
74.Rf4 Kh7 75.Kf6 Kg8 76.Kg6 Kh8 77.Rf8# 1-0

[Event "Treppenturnier 2023"]
[Site "Turnierstufe"]
[Date "2024.03.19"]
[Round "24-3"]
[White "Turquoise"]
[Black "Reflection II Glasgow III-S 1,7 GHz"]
[Result "1/2-1/2"]
[WhiteElo "1973"]
[BlackElo "2010"]
[PlyCount "143"]

1.d4 Nf6 2.c4 e6 3.Nf3 Bb4+ 4.Bd2 Bxd2+ 5.Qxd2 {Buchende.} 5...d5 6.e3 O-O 
7.Nc3 Nc6 8.Bd3 dxc4 9.Bxc4 Qd6 10.O-O Bd7 11.Nb5 Qb4 12.Qxb4 Nxb4 13.Ne5 Bxb5 
14.Bxb5 h6 15.Rfc1 c6 16.Bc4 Rfd8 17.f3 Nd7 18.Nxd7 Rxd7 19.Kf2 Rc8 20.Kg3 c5 
21.Bb3 b6 22.a3 Na6 23.Bc4 Nb8 24.Be2 Rcd8 25.dxc5 Rd2 26.Rd1 Nc6 27.cxb6 axb6 
28.Rxd2 Rxd2 29.Bf1 Rxb2 30.Rd1 Rb3 31.Rd3 Rb1 32.Be2 Rb2 33.Bd1 g5 34.Rd7 Ne5 
35.Rc7 b5 36.f4 Nc4 37.Bh5 Nxe3 38.Bxf7+ Kh8 39.fxg5 hxg5 40.Rc8+ Kg7 {Die
Partie plätschert bis zur Zeitkontrolle in remislichen Bahnen vor sich hin. Es
ist kein Vorteil in Sicht. Turquoise muss jedoch gewinnen, wenn er im Turnier
bleiben will. Danach sieht es nicht aus.} 41.Bxe6 Nxg2 42.Rc5 Ne3 43.Bd7 Kg6 
44.Rxb5 Nf1+ 45.Kf3 Nxh2+ 46.Ke4 Re2+ 47.Kd3 Ra2 48.Rb6+ Kh5 49.a4 g4 50.Ke4 
Kg5 51.Rb8 Re2+ 52.Kd3 Re7 53.Rg8+ Kf4 54.Bc6 g3 55.Kd4 Nf3+ 56.Kd5 Ne5 57.Ba8 
Ra7 58.Rf8+ Rf7 59.Rxf7+ Nxf7 60.Kd4 Ng5 {Rest mit verkürzter Bedenkzeit (1
Min./Zug). Schwierig, das noch zu verlieren, aber es ginge - also abwarten.} 
61.Bg2 Nf3+ 62.Kd5 Ne1 63.Bh1 Nd3 64.Kd4 Nb4 65.a5 Na6 66.Bb7 Nc7 67.Bg2 Na6 
68.Bb7 Nc7 69.Bh1 Na6 70.Bg2 Nc7 71.Bc6 Na6 72.Bb7 {und Remis 3x.} 1/2-1/2

[Event "Treppenturnier 2023"]
[Site "Turnierstufe "]
[Date "2024.03.20"]
[Round "24-4"]
[White "Reflection II Glasgow III-S 1,7 GHz"]
[Black "Turquoise"]
[Result "0-1"]
[WhiteElo "2009"]
[BlackElo "1974"]
[PlyCount "75"]

1.d4 d5 2.Bg5 Nf6 3.Bxf6 gxf6 4.g3 {Buchende.} 4...c5 {Buchende.} 5.dxc5 e6 
6.b4 b6 7.Bg2 bxc5 8.c4 cxb4 9.cxd5 Bb7 10.e4 Nd7 11.Ne2 Rc8 12.Qa4 a5 13.Nd2 
Ba6 14.Nf4 Qb6 15.Bf1 Bh6 16.Bxa6 {Beide spielen Dschugelschach á la Fidelity.
Die schwarze Stellung wirkt vorteilhafter.} 16...Qxa6 17.a3 Bf8 18.Nh5 Kd8 
19.dxe6 fxe6 20.Nf4 bxa3 {Schwarz bekommt immer mehr Übergewicht.} 21.Qb3 Rc6 ( 
21...Bb4 $1 {ist saustark und dann} 22.Qd3 Qxd3 23.Nxd3 Rc2 24.Nxb4 axb4 {...} 
) 22.f3 $2 ( 22.Qd3 {mit Abtausch entlastet Weiss.} ) 22...Rg8 $6 ( {Erneut:} 
22...Bb4 $1 ) 23.Nd3 $2 {Glasgow ist kombinatorisch etwas überfordert.} 
23...Nc5 {Der drittbeste Zug.} ( 23...a4 $1 {oder} ) ( 23...Rg5 $1 ) 24.Nxc5 
Bxc5 25.Qb8+ Rc8 26.Qb1 Rg7 {(00.83)} 27.Nb3 {(-0.52) Hiarcs 15.2 bewertet die
Stellung bereits mit mehr als 10 BE für Schwarz.} 27...Bd6 28.Qd1 Rd7 {Der arme
Mephisto. Was geht überhaupt noch?} 29.Qb1 Rc3 $1 {Der beste Zug.} 30.Nd4 Bb4 
31.Kf2 {(-4.44)} 31...Rxd4 {(+05.04)} 32.Ra2 Rcd3 $1 33.Kg2 Rd2+ 34.Rxd2 Rxd2+ 
35.Kh3 Qb5 $1 36.g4 Qe2 37.Qf1 Qe3 $3 ( 37...Qe3 $3 38.e5 Bc3 39.Qe1 Qxf3+ 
40.Qg3 Qxh1 41.exf6 Qf1+ 42.Kh4 Qxf6+ 43.Kh3 Be5 44.g5 Qf5+ 45.Kh4 Rd4+ 46.Qf4 
Bxf4 47.Kh5 Qxg5# ) 38.e5 {Und Glasgow gibt auf (-9.99)} 0-1

[Event "Treppenturnier 2023"]
[Site "Turnierstufe "]
[Date "2024.03.21"]
[Round "25-1"]
[White "Obsidian "]
[Black "Reflection II Glasgow III-S 1,7 GHz"]
[Result "1/2-1/2"]
[WhiteElo "1981"]
[BlackElo "1998"]
[PlyCount "165"]

1.e4 e6 2.d4 d5 3.Nd2 c5 4.exd5 Qxd5 5.Ngf3 cxd4 6.Bc4 Qd6 7.O-O Nf6 8.Nb3 Be7 
9.Nbxd4 {Buchende.} 9...a6 {Buchende.} 10.Qe2 O-O 11.Rd1 Qc7 12.Bd2 Bd7 13.Ne5 
Nc6 14.Nexc6 Bxc6 15.Nxc6 Qxc6 16.Bd3 Rfd8 17.c3 Rd7 18.Bf4 Qa4 19.Be5 Rad8 
20.Bd4 Qa5 21.Qc2 {Hier weicht Obsidian ab von der Partie Turquoise - Glasgow
(Post # 158)} 21...e5 22.Be3 e4 23.Bc4 Bd6 24.h3 Qc7 25.Qb3 b5 26.Be2 Nd5 
27.Bd4 Nf4 28.Bg4 Re7 29.Rd2 Nd3 30.Rf1 {Obsidian ist schwer in der Defensive.} 
30...Bf4 31.Rdd1 Ree8 32.Bf5 Qc4 33.Qxc4 bxc4 34.b4 Rd5 35.Bg4 Rxd4 $1 {Setzt
auf den Freibauern.} 36.cxd4 c3 37.Bd7 Rd8 38.Ba4 Nxb4 39.g3 $6 ( 39.a3 Nd3 
40.Bc2 Rxd4 {...} ) 39...Bd2 40.a3 Nd3 {(+0.83)} 41.Rb1 {(00.00)} 41...h6 
{Macht ein Luftloch, aber Obsidian bekommt wieder Gegenspiel.} ( 41...Nb2 $1 
42.Bb3 Rxd4 43.Ra1 g6 44.Rfb1 Kg7 45.Kf1 {...} ) 42.Rb6 Rxd4 {Sieht imposant
aus, aber Weiß hat noch alles unter Kontrolle. Es ist jedoch (nicht nur für
unsere Oldies) schwierig, alles zu durchblicken.} 43.Bb3 a5 44.Ra6 ( 44.Rc6 $1 
) 44...Ne1 45.Rxa5 c2 46.Ra8+ Kh7 47.Rxe1 Bxe1 48.Bxc2 {und alles ist wieder im
Lot.} 48...f5 49.Kf1 Bxf2 50.Bxe4 fxe4 51.Kxf2 Rd2+ 52.Ke3 Rd3+ 53.Kf2 Kg6 
54.a4 Rf3+ 55.Kg2 Ra3 56.Kf2 Kf5 57.a5 Ke5 58.a6 Kd4 59.a7 Ra2+ 60.Ke1 Ke3 
{Rest in je 1 Stunde.} 61.Kf1 h5 62.Kg1 Ra1+ 63.Kh2 g6 64.Kg2 g5 65.Kh2 Ra2+ 
66.Kh1 g4 67.h4 Ke2 68.Kg2 Kd3+ 69.Kg1 Ra1+ 70.Kg2 Ke3 71.Kh2 Ra6 72.Kg1 Ke2 
73.Kh2 e3 74.Kh1 Ra1+ 75.Kg2 Ra4 76.Kh1 Ra5 77.Kh2 Ra3 78.Kh1 Ra4 79.Kg2 Ra2 
80.Kg1 Ra1+ 81.Kg2 Ra2 82.Kg1 Ra1+ 83.Kg2 {Remis 3x} 1/2-1/2

[Event "Treppenturnier 2023"]
[Site "Turnierstufe"]
[Date "2024.03.23"]
[Round "25-2"]
[White "Reflection II Glasgow III-S 1,7 GHz"]
[Black "Obsidian"]
[Result "0-1"]
[WhiteElo "1998"]
[BlackElo "1981"]
[PlyCount "95"]

1.e4 e5 2.Bc4 Nf6 3.Nc3 {Buchende.} 3...Nc6 4.d3 Bb4 5.Nf3 d6 6.O-O Bxc3 
{Buchende.} 7.bxc3 Na5 8.Bb5+ c6 9.Ba4 O-O 10.Bd2 Be6 11.c4 Qc7 12.Ng5 Bg4 
13.Qe1 b6 14.Bxa5 bxa5 15.f4 exf4 16.Rxf4 h6 17.Nf3 Qb6+ 18.Qf2 c5 19.e5 dxe5 
20.Nxe5 Be6 21.Rf1 Qd6 22.Qe3 Rab8 23.Nc6 Rb6 24.Nxa7 {ist ok, Mephisto hat
Vorteil.} ( {Die bessere Alternative wäre} 24.Rxf6 $1 gxf6 25.Qxh6 Rxc6 26.Bxc6 
Rb8 27.Rf4 Qf8 28.Qxf6 {...} ) 24...Rfb8 25.Rxf6 $6 {ein Zug zu spät.} 
25...gxf6 26.Nb5 Qf8 27.Rxf6 Bd7 28.Rxb6 Rxb6 29.a3 {Der weiße Vorteil ist weg.
Mephisto hat sich verrechnet, nun ist Obsidian am Drücker.} 29...Re6 30.Qd2 Qe7 
31.h3 Rg6 $6 ( 31...Re1+ 32.Kf2 ( 32.Kh2 Qe5+ 33.g3 Bc6 34.Qxe1 Qxe1 35.Nc3 
Qf2# ) 32...Rh1 $1 33.Qe3 ( 33.Qe2 Qh4+ 34.Ke3 Qg5+ 35.Kf2 Bxh3 36.Qe8+ Kg7 
37.Qe4 Rh2 38.Nd6 Rxg2+ {...} ) ( 33.Nc3 Qh4+ 34.Ke2 Bxh3 {...} ) 33...Rf1+ 
34.Kxf1 Qxe3 {...} ) 32.Nc3 Bxh3 33.Nd5 Qe5 34.Nf4 Qg5 35.Qf2 Rf6 {Das müsste
reichen.} 36.g3 Bc8 ( 36...h5 {und z.B.} 37.Kh2 Bg4 38.c3 h4 39.gxh4 Rxf4 
40.hxg5 Rxf2+ {...} ) 37.Qe3 Bb7 38.Bd7 Rb6 39.Qe8+ Kg7 40.Qe1 $4 {Es geht nun:} 
40...Rb1 $1 41.Qxb1 Qxg3+ 42.Kf1 Qf3+ {Auch gut.} ( {Warum nicht} 42...Qxf4+ 
43.Ke1 Qe3+ 44.Kf1 Qf3+ 45.Ke1 Qh1+ 46.Kd2 Qxb1 {...} ) 43.Ke1 Qh1+ 44.Ke2 Qxb1 
45.Nh5+ Kf8 46.Ng3 Qxc2+ 47.Ke3 Qc1+ 48.Ke2 {(-9.99) Aufgabe.} 0-1

[Event "Treppenturnier 2023"]
[Site "Turnierstufe "]
[Date "2024.03.24"]
[Round "25-3"]
[White "Obsidian "]
[Black "Reflection II Glasgow III-S 1,7 GHz"]
[Result "0-1"]
[WhiteElo "1991"]
[BlackElo "1988"]
[PlyCount "159"]

1.e4 e5 2.Nf3 Nc6 3.Bb5 Nf6 4.O-O d6 5.d4 {Buchende.} 5...exd4 {Buchende.} 
6.Nxd4 Bd7 7.Bxc6 bxc6 8.Re1 Be7 9.e5 dxe5 10.Rxe5 O-O 11.Nc3 {An dieser Stelle
hängt sich Glasgow auf, spielt aber nach erneuter Stellungseingabe weiter:} 
11...Bd6 12.Re2 c5 13.Nf3 Bc6 14.Ne5 Bxe5 15.Rxe5 Qd6 16.Bf4 Rab8 17.Qc1 Ba8 
18.b3 Rb4 19.a3 Rd4 20.f3 Nd7 21.Ne4 Bxe4 22.Rxe4 Qf6 23.Bg5 Qc6 24.Re7 Nb6 
25.Re2 f6 26.Be3 Re8 27.Qe1 Rdd8 28.Rd1 Rxd1 29.Qxd1 Qe6 30.Re1 Qd6 31.Bf4 Qd4+ 
32.Kf1 Rc8 33.Be3 Qd6 34.Kg1 Re8 35.Bf2 Kf7 36.Qc1 Re5 37.Rxe5 Qxe5 38.Bg3 Qd4+ 
39.Kh1 c6 40.Bb8 a6 {Bis zur Zeitkontrolle ist nicht viel passiert. Es sieht
nach Remis aus.} 41.Bf4 Nd5 42.Bd2 c4 43.c3 Qf2 44.b4 c5 45.Qd1 cxb4 46.axb4 
Ke6 47.Qe1+ $2 {Ein Verlustzug, nicht erkennbar für die Oldies.} 47...Qxe1+ 
48.Bxe1 a5 $2 ( {So geht's:} 48...Kd6 49.h4 Kc6 50.f4 Kb5 51.f5 Ka4 52.g4 Kb3 
53.g5 Nxc3 {usw.} ) 49.bxa5 Kd6 50.a6 Kc6 51.Kg1 Kb6 52.Kf2 Kxa6 53.Ke2 Kb5 
54.Kd2 {(+00.08)} 54...Nf4 {(+0.53)} 55.g4 Ka6 56.h4 Kb5 57.Bg3 Nd5 {Der
Springer beherrscht hier das ganze Brett.} 58.Bf2 Kc6 59.Bg3 Kd7 60.h5 Ke6 
{Rest in je 1 Stunde. Remis,oder?} 61.f4 f5 62.g5 h6 63.Bh2 Kf7 64.Bg3 Kg8 ( 
64...g6 $1 65.gxh6 ( 65.hxg6+ Kxg6 66.Bh2 h5 67.Bg3 Kg7 68.Bf2 Nxf4 {...} ) 
65...gxh5 66.h7 Kg7 67.h8=Q+ Kxh8 {...} ) 65.Kc2 {Im zweiten Anlauf:} 65...g6 
$1 66.hxg6 hxg5 ( 66...h5 $1 ) 67.fxg5 Kg7 68.Kd2 f4 69.Bf2 Kxg6 70.Bh4 $2 ( 
70.Bd4 ) 70...Kh5 71.Be1 Kxg5 72.Bf2 Kg4 {Hiarcs 15.3.1 sagt hier ein Matt in 21
an.} 73.Bd4 Kf3 74.Bc5 Kg2 75.Ba7 f3 76.Ke1 Nxc3 77.Bd4 Nd5 78.Ba7 c3 79.Bc5 
Nb4 80.Bb6 {(rESiGn) Obsidian gibt auf.} 0-1